00818nam a2200193 i 4500001000700000003000900007005001700016007000300033008004100036110007400077245005300151260005400204300001800258505016500276650002700441700002700468740010900495852002000604174029ES-MaACL20250724074950.0t|100208s1917 sp |||| | spa d2 aReal Academia de Ciencias Exactas, Físicas y Naturales de España.10aMemorias de la Real Academia de Ciencias g1917. aMadrid : b[s.n.], c1917 (Est. Tip. de Fortanet) av. ; c28 cm.8 aContiene: T. XXVII ; tTratado de trigonometría plana, circular e hiperbólica y de trigonometría esférica y esferoidal / rAntonio Gómez Ruiz (318 p.) 7aTrigonometría2embne1 aGómez Ruiz, Antonio.02aTratado de trigonometría plana, circular e hiperbólica y de trigonometría esférica y esferoidal. aES-MaACLjK-246